000 00534nam a2200145Ia 4500
008 220214s9999 xx 000 0 und d
245 0 _aLIBRARY SCIENCE WITH A SLANT TO DOCUMENTATION AND INFORMATION STUDIES
247 _aLibrary Science with a Slant to Documentation
260 _bSaradha Ranganathan Endowment for Library Science, Bangalore
_aBangalore
310 _aQ
500 _aEnding Volume & Year: 36, 1999
500 _aMissing Volume: 28;31(2)check and modify
500 _aStarting Volume & Year: 29, 1992
942 _cBJ
999 _c18376
_d18376